000
00271nam a22001217a 4500
020
_a
0-471-86955-4
082
_a
537 TIM'E
100
_a
TIMBIE, W. H
_9
77893
245
_a
ELEMENTS OF ELECTRICITY
260
_a
NEWYORK
_b
JOHN WILEY
_c
1953
300
_a
631P
942
_c
BK
999
_c
583078
_d
583078